000 00834nam a2200193 a 4500
008 170112s2008 ||||||||||||||||| || u
020 _a9781412929639
050 _aLB 2395 Pri
100 _aPritchard, Alan
245 1 0 _aStudying and learning at university: vital skills for success in your degree
_cBy Alan Pritchard
260 _aLondon
_bSAGE Publications
_c2008
300 _aviii, 216p.: ill.
490 _aSAGE Study Skills
650 _aSTUDY, METHOD OF
650 0 _aSTUDY SKILLS
650 0 _aLEARNING
995 _aMAIN LIBRARY OPEN ACCESS
_e747518
_FCBU-MAIN LIBRARY (Kitwe)
_jLB 2395 Pri
_M1
_UAVAILABLE
_WJan 24, 2017
_y747518
_ZMain Library Open Access Collection
995 _aANNEX COLLECTION (Main Library)
_e747519
_FCBU-MAIN LIBRARY (Kitwe)
_jLB 2395 Pri
_M2
_UAVAILABLE
_WJan 24, 2017
_y747519
_ZAnnex Low-Usage Collection
999 _c80782
_d80782